|
|
|
|
| LEADER |
00000nac a22000007a 4500 |
| 003 |
Ucuenca |
| 005 |
20240113063502.0 |
| 008 |
171127b2014 ag ||||| |||| 00| 0 spa d |
| 999 |
|
|
|c 153014
|d 153014
|
| 020 |
|
|
|a 978-987-143-221-9
|
| 040 |
|
|
|b spa
|a UCuenca-cdrjbv
|c UCuenca
|e rda
|
| 041 |
0 |
|
|a spa
|
| 082 |
0 |
|
|a 362.88
|
| 245 |
|
3 |
|a Victimología
|c César Fortete, Elinor Shulthess Berti, Judith Biodo y Hilda Marchiori, coordinadora
|
| 264 |
|
|
|a Córdoba
|b Encuentro Grupo Editor
|c 2014
|
| 300 |
|
|
|a 259 páginas:
|c 23 cm
|
| 336 |
|
|
|2 rdacontent
|a texto
|b txt
|
| 337 |
|
|
|2 rdamedia
|a no mediado
|b n
|
| 338 |
|
|
|2 rdacarrier
|a volumen
|b nc
|
| 490 |
|
|
|a Victimología
|n no. 5
|
| 504 |
|
|
|a incl. ref.
|
| 505 |
0 |
|
|a La globalización , el delito transnacional y sus víctimas-- Perspectivas sobre la victimología-- Abuso emocional social-- Los niños y las niñas frente al conflicto armado colombiano y las alternativas de futuro-- La victimización de la mujer-- Abuso sexual infantil--- Violencia en la vejez.
|
| 650 |
|
7 |
|a Víctimas
|9 17781
|
| 650 |
|
0 |
|9 11665
|a Bienestar social
|
| 650 |
|
0 |
|9 10028
|a Justicia
|
| 650 |
|
7 |
|a Abuso infantil
|9 20784
|
| 650 |
|
0 |
|a Violencia
|9 2107
|
| 700 |
1 |
|
|9 215153
|a Marchiori, Hilda
|e coordinadora
|
| 942 |
|
|
|c CR
|z lourdes.naula@ucuenca.edu.ec
|0 1
|2 ddc
|